Normal view
MARC view
- Mr. Aslam Bazmi
Entry Personal Name
001 - CONTROL NUMBER
- control field: 34442
003 - CONTROL NUMBER IDENTIFIER
- control field: NUST
005 - DATE AND TIME OF LATEST TRANSACTION
- control field: 20201023110347.0
008 - FIXED-LENGTH DATA ELEMENTS
- fixed length control field: 201023|| aca||aabn | a|a d
040 ## - CATALOGING SOURCE
- Original cataloging agency: NUST
- Transcribing agency: NUST
100 ## - HEADING--PERSONAL NAME
- Personal name: Mr. Aslam Bazmi
670 ## - SOURCE DATA FOUND
- Source citation: Work cat.: (NUST): Sarosh Khan, Saeed Yaseen, Waqas Ali & M. Waqas Malik 34440, COST BENEFIT ANAYSIS /, 2006.
